Principles of Ecology / (Record no. 5015)
[ view plain ]
| 000 -LEADER | |
|---|---|
| fixed length control field | 00877nam a2200349Ia 4500 |
| 001 - CONTROL NUMBER | |
| control field | 5028 |
| 005 - DATE AND TIME OF LATEST TRANSACTION | |
| control field | 20240113233813.0 |
| 007 - PHYSICAL DESCRIPTION FIXED FIELD--GENERAL INFORMATION | |
| fixed length control field | ta |
| 008 - FIXED-LENGTH DATA ELEMENTS--GENERAL INFORMATION | |
| fixed length control field | 050616s1989 a g b000 u 465 u |
| 020 ## - INTERNATIONAL STANDARD BOOK NUMBER | |
| Terms of availability | Rs. 40.00 (PB) |
| 040 ## - CATALOGING SOURCE | |
| Original cataloging agency | Cotton College,Assam |
| 041 ## - LANGUAGE CODE | |
| Language code of text/sound track or separate title | 465 |
| 082 ## - DEWEY DECIMAL CLASSIFICATION NUMBER | |
| Classification number | 581.5 |
| Item number | Ve 58 Pr |
| 100 ## - MAIN ENTRY--PERSONAL NAME | |
| Personal name | Verma , P.S. . |
| 245 #0 - TITLE STATEMENT | |
| Title | Principles of Ecology / |
| Statement of responsibility, etc. | P.S. Verma and V.K. Agarwal. |
| Medium | Textual Documents |
| 250 ## - EDITION STATEMENT | |
| Edition statement | 4th ed. / |
| 260 ## - PUBLICATION, DISTRIBUTION, ETC. | |
| Place of publication, distribution, etc. | New Delhi : |
| Name of publisher, distributor, etc. | S. Chand & Company , |
| Date of publication, distribution, etc. | 1989. |
| 300 ## - PHYSICAL DESCRIPTION | |
| Extent | viii,591p. : |
| Other physical details | ill ; |
| Dimensions | 22cm. . |
| 365 ## - TRADE PRICE | |
| Price type code | Rs. 40.00 |
| 504 ## - BIBLIOGRAPHY, ETC. NOTE | |
| Bibliography, etc. note | Index |
| 653 ## - INDEX TERM--UNCONTROLLED | |
| Uncontrolled term | Botany |
| 653 ## - INDEX TERM--UNCONTROLLED | |
| Uncontrolled term | Plant Ecology |
| 653 ## - INDEX TERM--UNCONTROLLED | |
| Uncontrolled term | G-Botany |
| 942 ## - ADDED ENTRY ELEMENTS (KOHA) | |
| Source of classification or shelving scheme | Dewey Decimal Classification |
| Koha item type | Books |
| Withdrawn status | Lost status | Damaged status | Not for loan | Collection | Home library | Current library | Date acquired | Coded location qualifier | Cost, normal purchase price | Total checkouts | Full call number | Barcode | Date last seen | Copy number | Price effective from | Koha item type | Date last checked out |
|---|---|---|---|---|---|---|---|---|---|---|---|---|---|---|---|---|---|
| Dr. Suryya Kumar Bhuyan Library | Dr. Suryya Kumar Bhuyan Library | 01/02/2012 | 00000 | 40.00 | 581.5 Ve 58 Pr | 109/Zoo | 13/01/2024 | 2 | 01/02/2012 | Books | |||||||
| Dr. Suryya Kumar Bhuyan Library | Dr. Suryya Kumar Bhuyan Library | 01/02/2012 | 00000 | 40.00 | 3 | 581.5 Ve 58 Pr | 003/Zoo | 05/12/2025 | 6 | 01/02/2012 | Books | 20/11/2025 | |||||
| Dr. Suryya Kumar Bhuyan Library | Dr. Suryya Kumar Bhuyan Library | 01/02/2012 | 00000 | 40.00 | 581.5 Ve 58 Pr | 104/Zoo | 13/01/2024 | 4 | 01/02/2012 | Books | |||||||
| Dr. Suryya Kumar Bhuyan Library | Dr. Suryya Kumar Bhuyan Library | 01/02/2012 | 00000 | 40.00 | 2 | 581.5 Ve 58 Pr | 105/Zoo | 05/01/2026 | 1 | 01/02/2012 | Books | 05/12/2025 | |||||
| Dr. Suryya Kumar Bhuyan Library | Dr. Suryya Kumar Bhuyan Library | 01/02/2012 | 00000 | 40.00 | 581.5 Ve 58 Pr | 107/Zoo | 13/01/2024 | 5 | 01/02/2012 | Books | |||||||
| Dr. Suryya Kumar Bhuyan Library | Dr. Suryya Kumar Bhuyan Library | 01/02/2012 | 00000 | 40.00 | 581.5 Ve 58 Pr | 108/Zoo | 13/01/2024 | 3 | 01/02/2012 | Books |
